000 00438nam a2200157Ia 4500
005 20250521032339.0
008 240331s9999 xx 000 0 und d
020 _a9789551772864
082 _bUYA
_a301
100 _aUyangoda,J
245 0 _aSamajeeya Vidya Pariyeshana Yojanavaliyak Liveema
260 _aColombo
_bSocial Scientist's Association
_c2011
300 _a195 p .,
650 _aSocial Science - Research Methods
942 _cL
999 _c5795
_d5795